| 000 | 00645nam a22002057a 4500 | ||
|---|---|---|---|
| 005 | 20220413142001.0 | ||
| 008 | 220413b ||||| |||| 00| 0 eng d | ||
| 020 | _a9781352004069 | ||
| 040 | _cAIMIT LIBRARY | ||
| 082 |
_21 _a658.312 _bKLIT |
||
| 100 |
_aKlikauer, Thomas. _929884 |
||
| 245 |
_aManaging people in organizations / _cBy Thomas Klikauer. |
||
| 250 | _a1st ed. | ||
| 260 |
_aLodon : _bRed Globe Press , _c2019. |
||
| 300 |
_axvii,277p ; _bPB _c26 cm. |
||
| 650 |
_aStrategies to manage people. _929885 |
||
| 650 |
_aManaging People ethically. _929886 |
||
| 650 |
_aCreating Success. _929887 |
||
| 942 |
_2ddc _cBK _e1st _k658.312 KLIT |
||
| 999 |
_c222430 _d222430 |
||